| 000 | 00692nam a2200217Ia 4500 | ||
|---|---|---|---|
| 003 | GCL | ||
| 008 | 140319s9999 xx 000 0 ara d | ||
| 040 |
_aGCL / _cGCL |
||
| 082 | 0 | 4 |
_aق _b910.3 _bى ك |
| 100 | 1 | _aاليعقوبى ,محمد بن عبد الله بن | |
| 245 | 1 | 0 |
_aكتاب البلدان / _cاليعقوبى ,محمد بن عبد الله بن |
| 260 |
_a[S.N] : _bدار الكتب المصرية |
||
| 300 | _a128 ص | ||
| 490 | _a | ||
| 650 | 0 | 4 | _aالرحلات |
| 650 | 0 | 4 | _aالجغرافيا التاريخية |
| 650 | 0 | 4 | _aالرحالة العرب |
| 650 | 0 | 4 | _aالعلوم عند العرب |
| 650 | 0 | 4 | _aتقاويم البلدان |
| 942 |
_2ddc _cBK |
||
| 999 |
_c36311 _d36311 |
||